000 00714nam a2200265Ia 4500
005 20260302115410.0
008 008 260114s9999 xx 000 0 eng d
020 _a9781350388987
037 _aTextbook
040 _aCRL
040 _beng
040 _cCRL
041 _2eng
041 _aeng
084 _qCRL
100 _aBrian C. Southam
_91121510
245 0 _aT.S.Eliot: Prufrock, Gerontion, Ash Wednesday and other Shorter Poems
260 _bBloomsbury
260 _bBloomsbury Academic
260 _c1978
650 _aLiterary Studies
856 _uhttps://doi.org/10.5040/9781350388987?locatt=label:secondary_bloomsburyCollections
942 _cEBOOK
999 _c1686078
_d1686078